20th Century Dates - Picture Quiz - Statistics

General Stats
  • This quiz has been taken 184 times
  • The average score is 14 of 27
Answer Stats
Picture Answer % Correct
1969
95%
1944
87%
1989
83%
1919
68%
1945
68%
1903
60%
1944
60%
1974
57%
1983
57%
1914
56%
1994
54%
1920
50%
1959
50%
1916
48%
1937
48%
1963
47%
1963
47%
1957
45%
1914
43%
1973
43%
1929
41%
1986
39%
1918
36%
1949
36%
1975
29%
1930
23%
1953
23%
No matching quizzes found
Score Distribution
Percent of People with Each Score
Percentile by Number Answered
Your Score History
You have not taken this quiz